Conocimiento y creencia
Salvato in:
| Autore principale: | |
|---|---|
| Natura: | Libro |
| Lingua: | spagnolo |
| Pubblicazione: |
Madrid
Fondo de Cultura Económica
1974
|
| Edizione: | 1a. ed |
| Serie: | Breviarios, 245
|
| Soggetti: | |
| Tags: |
Aggiungi Tag
Nessun Tag, puoi essere il primo ad aggiungerne!!
|
MARC
| LEADER | 00000cam a2200000 a 4500 | ||
|---|---|---|---|
| 001 | UCC3137 | ||
| 003 | CL-VaPUC | ||
| 008 | 180422e19740000sp |||||||||||||||||spa|d | ||
| 020 | |a 843750032X | ||
| 082 | 0 | 4 | |a 121 |b GRI |2 21 |
| 100 | 0 | |a Griffiths, A. Phillips |e author |9 597203 | |
| 245 | 1 | 0 | |a Conocimiento y creencia |
| 250 | |a 1a. ed | ||
| 300 | |a 255 p | ||
| 942 | |c BK | ||
| 945 | |d 20180422 17:11:00 |a dcastane | ||
| 260 | |a Madrid |b Fondo de Cultura Económica |c 1974 | ||
| 650 | 0 | |a Creencias |9 313510 | |
| 650 | 7 | |a CONOCIMIENTO |2 CL-VaPUC |9 308991 | |
| 583 | |a last modification |c 20180422 17:11:00 |k Rodrigo Vera | ||
| 490 | 0 | |a Breviarios, 245 | |
| 999 | |c 370987 |d 370985 | ||
| 952 | |0 0 |1 0 |3 erd |4 0 |6 121_000000000000000_GRI_1974 |7 0 |8 A |9 487808 |a BIBEDU |b BIBEDU |c ES_NOD |i 5465389 |o 121 GRI 1974 |p 5465389 |r 2023-08-09 |w 2019-11-24 |y BK |z Catalogado en:20180422 |k PSI | ||